书目信息 |
| 题名: |
桥牌
|
|
| 作者: | ;人民体育出版社 编 | |
| 分册: | 六 | |
| 出版信息: | 北京 人民体育出版社 1984 |
|
| 页数: | 80页 | |
| 开本: | 19cm | |
| 丛书名: | ||
| 单 册: | ||
| 中图分类: | G899 | |
| 科图分类: | ||
| 主题词: | 桥牌 | |
| 电子资源: | ||
| ISBN: | ||
| 000 | 00561nam0 2200217 45 | |
| 001 | 0184005718 | |
| 005 | 20061102162004.45 | |
| 010 | @dCNY0.32 | |
| 100 | @a19951020d1984 em y0chiy0121 ea | |
| 101 | 0 | @achi |
| 102 | @aCN@b110000 | |
| 105 | @ac z 000yy | |
| 200 | 10 | @a桥牌@h六@Aqiao pai@f人民体育出版社编 |
| 210 | @a北京@c人民体育出版社@d1984 | |
| 215 | @a80页@c照片@d19cm | |
| 606 | @a桥牌 | |
| 690 | @aG899@v3 | |
| 711 | 02 | @a人民体育出版社@4编@Aren min ti yu chu ban she |
| 801 | 2 | @aCN@bNLC@c20061102 |
| 801 | 0 | @aCN@bTSSF |
| 905 | @a10447@dG899@e1:6 | |
| 桥牌.六/人民体育出版社编.-北京:人民体育出版社,1984 |
| 80页:照片;19cm |
| ISBN :CNY0.32 |
| ● |
| 相关链接 |
|
|
|
|
正题名:桥牌
索取号:G899/1:6
 
预约/预借
| 序号 | 登录号 | 条形码 | 馆藏地/架位号 | 状态 | 备注 |
| 1 | 0209774 | 000307199 | 第一样本阅览室/ [索取号:G899/1:6] | 在馆 |